Flagi ruchów separatystycznych - Statystyki

Ogólne statystyki
  • Ten quiz został rozwiązany 196 razy
  • Średni wynik to 11 z 45
Statystyki odpowiedzi
Obrazkowy Odpowiedź % Poprawnych
Szkoci
92%
Katalończycy
75%
Innuici
70%
Kurdowie
67%
Walijczycy
66%
Tybetańczycy
63%
Czeczeni
60%
Baskowie
55%
Abchazi
39%
Osetyni
38%
Sardyńczycy
37%
Bretończycy
32%
Ujgurzy
32%
Farerzy
30%
Korsykańczycy
29%
Tatarzy Krymscy
28%
Flamandowie
26%
Jakuci
22%
Serbowie Łużyccy
21%
Rusini
19%
Asyryjczycy
17%
Tatarzy
17%
Fryzowie
16%
Kornwalijczycy
16%
Wenecjanie
15%
Berberowie
13%
Galisyjczycy
12%
Sikhowie
11%
Zulusi
11%
Burowie
10%
Quebekczycy
10%
Tuwińcy
10%
Czerkiesi
9%
Karakałpacy
7%
Seklerzy
7%
Gagauzi
6%
Guarani
6%
Awarowie
5%
Lakoci
5%
Szwabowie
5%
Tamilowie
5%
Tuaregowie
5%
Beludżowie
4%
Koptowie
4%
Sindhowie
2%
Nie znaleziono quizów pasujących do podanych kryteriów
Rozkład punktacji
Procent ludzi z każdym wynikiem
Percentyl według liczby udzielonych odpowiedzi
Twoja historia wyników
Nie rozwiązałeś tego quizu